000 00618nam a22002177a 4500
999 _c14014
_d14014
003 MIRAKIL
005 20200910104257.0
008 200910b tu ||||| |||| 00| 0 tur d
020 _a975771612X
040 _aTR-AnCHP
_cTR-AnCHP
041 _atur
082 _a818.42
_bA77m 1992
100 _aAtsız, Hüseyin Nihal
245 1 0 _aMakaleler IV/
_cHüseyin Nihal Atsız.
260 _aİstanbul:
_bBaysan Basım ve Yayın,,
_c1992.
300 _a539 s.:
_c19 sm.
490 _aBaysan Basım ve Yayın Sanayi
_vYayın Nu: 15.
650 0 _919
_aTürk edebiyatı
_xMakaleler
942 _2ddc
_cBKS
999 _d14014